00459nam a2200181 a 450000100060000000300090000600800410001504000280005608200170008410000220010124500250012326000200014859000380016865000200020665000220022694200120024899900170026014037CO-ViMGA141112s2004 ck r 000 u spa d aCO-ViMGAbspacCO-ViMGA04a575.016 O6171 aOparin, A.92050810aEl origen de la vida asn : bsl. 1980 aForma de adquisición : Donacion14aEVOLUCION9468914aORIGEN DEL HOMBRE 2ddccBK c24738d24738